[Event "Skopje op"]
[Site "Skopje"]
[Date "2023.12.10"]
[Round "7"]
[White "Pourquet, Matthieu"]
[Black "Oner, Cinar"]
[Result "1/2-1/2"]
[WhiteElo "2267"]
[BlackElo "1565"]
[PlyCount "68"]
[EventDate "2023.12.06"]
[EventType "swiss"]
[EventRounds "9"]
[EventCountry "MKD"]
[SourceTitle "CB50_2023"]
[SourceDate "2023.12.13"]
[SourceVersion "1"]
[SourceVersionDate "2023.12.13"]
[SourceQuality "1"]

1. Nf3 d5 2. g3 Nf6 3. Bg2 c6 4. 0-0 e6 5. d4 Bd6 6. c4 0-0 7. Nc3 Nbd7 8. Nd2 e5 9. dxe5 Bxe5 10. cxd5 Bxc3 11. bxc3 cxd5 12. c4 Nb6 13. c5 Nbd7 14. Nb3 Ne5 15. Bb2 Re8 16. e4 Bg4 17. f3 Bd7 18. f4 Bg4 19. Qc2 Nc4 20. Bxf6 Qxf6 21. Rfe1 Qa6 22. h3 Bd7 23. exd5 Ne3 24. Qf2 Nxg2 25. Kxg2 Qc4 26. Qd2 Rad8 27. Rac1 Qa6 28. Kh2 h6 29. Qg2 Qd3 30. c6 bxc6 31. dxc6 Bf5 32. c7 Rc8 33. Rcd1 Rxe1 34. Rxd3 Bxd3 1/2-1/2

[Event "TUR-ch U20"]
[Site "Samsun"]
[Date "2023.05.20"]
[Round "2"]
[White "Oner, Cinar"]
[Black "Akbas, Umut Ata"]
[Result "0-1"]
[WhiteElo "1436"]
[BlackElo "2417"]
[PlyCount "80"]
[EventDate "2023.05.19"]
[EventType "swiss"]
[EventRounds "9"]
[EventCountry "TUR"]
[SourceTitle "CBM 214 Extra"]
[Source "ChessBase"]
[SourceDate "2023.07.31"]
[SourceVersion "1"]
[SourceVersionDate "2023.07.31"]
[SourceQuality "1"]

1. e4 c5 2. Nf3 d6 3. d4 cxd4 4. Nxd4 Nf6 5. Nc3 a6 6. a4 e6 7. Be3 b6 8. Bd3 Bb7 9. 0-0 Be7 10. Re1 0-0 11. Qe2 Nbd7 12. Rad1 Qc7 13. f4 Nc5 14. Bf2 Rfc8 15. Bg3 Bf8 16. e5 Nxd3 17. Rxd3 dxe5 18. fxe5 Nd5 19. Kh1 Nxc3 20. bxc3 Qc4 21. Qg4 Qxa4 22. Rf1 Rc7 23. h4 Bd5 24. Rf4 Rxc3 25. Rd1 Qe8 26. Rdf1 h5 27. Qh3 Ra7 28. Qh2 a5 29. Be1 Rc4 30. Qg3 a4 31. Bc3 a3 32. Ba1 a2 33. Qg5 Bc5 34. c3 Bxd4 35. Rxd4 Rxd4 36. cxd4 Rc7 37. Rf2 Qc8 38. Bb2 Rc2 39. Qf4 Qc7 40. Kh2 Rxb2 0-1

[Event "TUR-ch U07/12"]
[Site "Antalya"]
[Date "2023.01.26"]
[Round "8"]
[White "Varyemez, Ali"]
[Black "Oner, Cinar"]
[Result "1/2-1/2"]
[WhiteElo "1554"]
[BlackElo "1448"]
[PlyCount "51"]
[EventDate "2023.01.17"]
[EventType "swiss"]
[EventRounds "10"]
[EventCountry "TUR"]
[SourceTitle "EXT 2024"]
[Source "ChessBase"]
[SourceDate "2023.10.10"]
[SourceVersion "1"]
[SourceVersionDate "2023.10.10"]
[SourceQuality "1"]

1. d4 Nf6 2. c4 e6 3. Nf3 Bb4+ 4. Bd2 Be7 5. g3 d5 6. Qc2 c6 7. Bg2 0-0 8. 0-0 Nbd7 9. Bf4 b6 10. cxd5 cxd5 11. Ne5 Bb7 12. Nc6 Bxc6 13. Qxc6 Qc8 14. Qb5 a6 15. Qb3 Qb7 16. Nc3 b5 17. Rfc1 Rac8 18. Rc2 Nb6 19. Rac1 Nc4 20. a3 Qa7 21. Rd1 Rfd8 22. Nb1 h6 23. Qd3 Nd7 24. Rdc1 Ndb6 25. Bd2 Qb7 26. Bc3 1/2-1/2

[Event "TUR-ch U07/12"]
[Site "Antalya"]
[Date "2023.01.24"]
[Round "4"]
[White "Oner, Cinar"]
[Black "Unsal, Gorkem"]
[Result "0-1"]
[WhiteElo "1448"]
[BlackElo "1777"]
[PlyCount "86"]
[EventDate "2023.01.17"]
[EventType "swiss"]
[EventRounds "10"]
[EventCountry "TUR"]
[SourceTitle "EXT 2024"]
[Source "ChessBase"]
[SourceDate "2023.10.10"]
[SourceVersion "1"]
[SourceVersionDate "2023.10.10"]
[SourceQuality "1"]

1. e4 c5 2. Nf3 Nc6 3. d4 cxd4 4. Nxd4 e5 5. Nb5 d6 6. N1c3 a6 7. Na3 Be7 8. Nc4 b5 9. Ne3 Nf6 10. Bd3 0-0 11. a4 b4 12. Ncd5 Be6 13. 0-0 a5 14. c3 Rb8 15. f3 Nh5 16. Bb5 Na7 17. cxb4 axb4 18. Nxb4 Nxb5 19. Nc6 Qc7 20. axb5 Rxb5 21. Nxe7+ Qxe7 22. Ra6 Rd8 23. Qa4 Rbb8 24. b4 Nf4 25. Bd2 h5 26. b5 Qg5 27. Kh1 h4 28. Ba5 Rdc8 29. Rxd6 Bc4 30. Bd8 Rxd8 31. Rxd8+ Rxd8 32. Qxc4 h3 33. g3 Nd3 34. Qc7 g6 35. Ng4 Kg7 36. Qc2 Rd7 37. Qe2 Qe7 38. Nf2 Nxf2+ 39. Qxf2 Qb4 40. Qe1 Qxb5 41. f4 Qb2 42. Rf2 Rd1 43. Qxd1 Qxf2 0-1